| Tag |
First Indicator |
Second Indicator |
Subfields |
| LEADER |
00000ctm a2200000Ka 4500 |
| 001 |
in00001609921 |
| 005 |
20190325101306.0 |
| 008 |
010503s2000 xx a b 000 0 eng d |
| 035 |
|
|
|a (OCoLC)ocm46869024
|
| 037 |
|
|
|a 99-68924
|b UMI
|
| 040 |
|
|
|a TXA
|c TXA
|d UtOrBLW
|
| 049 |
|
|
|a TXAM
|a TXAR
|
| 099 |
|
|
|a 2000
|a Dissertation
|a H36
|
| 100 |
1 |
|
|a Hanks, Clay David.
|
| 245 |
1 |
0 |
|a Reexamining the subsystem concept /
|c by Clay David Hanks.
|
| 264 |
|
1 |
|a [Place of publication not identified] :
|b [publisher not identified] ;
|c 2000.
|
| 300 |
|
|
|a x, 185 leaves :
|b illustrations ;
|c 28 cm.
|
| 336 |
|
|
|a text
|b txt
|2 rdacontent
|
| 337 |
|
|
|a unmediated
|b n
|2 rdamedia
|
| 338 |
|
|
|a volume
|b nc
|2 rdacarrier
|
| 502 |
|
|
|b Ph. D.
|c Texas A&M University
|d 2000.
|
| 504 |
|
|
|a Includes bibliographical references (leaves 172-184).
|
| 500 |
|
|
|a Vita.
|
| 500 |
|
|
|a "Major Subject: Political Science".
|
| 530 |
|
|
|a Issued also on microfiche from University Microfilm Inc.
|
| 520 |
|
|
|a In the view of many scholars, the subsystem model offers a rich and rewarding explanation of the public policymaking process. Political scientists have written about the model since 1939. During the 1950s and 1960s, the model began to catch on within the discipline as a powerful tool for understanding public policymaking processes and the relevant politics that occurs among the participants. However, as useful as the model has been for assisting political scientists and other policy analysts for understanding public policy processes, it has been immersed into a baptism of semantics. This has weakened the model's capacity to provide continuity of meaning among scholars. Based on the prior published research of subsystem scholars, there are characteristics that must be identified among the various subsystem types. For instance, the common characteristics of the iron triangle, policy community, advocacy coalition, and issue network. Identifying these common characteristics will enhance the explanatory value of the model. Understanding these specific characteristics allows for political scientists to examine and communicate more effectively the behavior of subsystem participants. In addition, this dissertation provides a prescription for cleaning up the jargon and semantics used by political scientists and other policy analysts. Scholars can best capture all the various terms when subsystem is used as a generic term. The various categories of subsystems will be identified as a type; Type I, Type II, or Type III. This is useful since subsystem policymaking is dynamic and correlates with changes in the political environment.
|
| 650 |
|
4 |
|a Major political science.
|
| 856 |
4 |
1 |
|u http://proxy.library.tamu.edu/login?url=http://proquest.umi.com/pqdweb?did=731966251&sid=1&Fmt=2&clientId=2945&RQT=309&VName=PQD
|t 0
|
| 948 |
|
|
|a cataloged
|b h
|c 2001/5/3
|d c
|e eneff
|f 2:59:46 pm
|
| 994 |
|
|
|a E0
|b TXA
|
| 999 |
|
|
|a MARS
|
| 999 |
f |
f |
|s 6557d2a6-719b-3277-b816-aa944656e971
|i 315bb4e5-50c1-3980-91bc-b57d5250c3ef
|t 0
|
| 952 |
f |
f |
|p noncirc
|a Texas A&M University
|b College Station
|c Cushing Memorial Library & Archives
|s cush tdrm
|d Cushing: Theses & Dissertations Microforms (Does not check out)
|t 0
|e 2000 Dissertation H36
|h Other scheme
|i unmediated -- volume
|
| 952 |
f |
f |
|a Texas A&M University
|b College Station
|c Electronic Resources
|s www_evans
|d Available Online
|t 0
|e 2000 Dissertation H36
|h Other scheme
|
| 998 |
f |
f |
|a 2000 Dissertation H36
|t 0
|l Available Online
|
| 998 |
f |
f |
|a 2000 Dissertation H36
|t 0
|l Cushing: Theses & Dissertations Microforms (Does not check out)
|